00421nam a2200133 i 450000100060000000300090000600700030001500800410001810000260005924500850008526000520017030000340022285200310025640697ES-MaACLt|030306s1953 sp ||||1| spa d1 aCarrera Pujal, Jaime.13aLa lonja del mar y los cuerpos de comercio de Barcelona / cJaime Carrera Pujal. aBarcelona : bBosch, c[1953] (fTip. Catalana) aXI, 541 p. : bil. ; c26 cm. aES-MaACLjC-5965 bR.34935